The debt trap (Record no. 72394)

MARC details
000 -LEADER
fixed length control field 01081cam a2200229 4500
001 - CONTROL NUMBER
control field ABS66534
008 - FIXED-LENGTH DATA ELEMENTS--GENERAL INFORMATION
fixed length control field 030331n2003 000 0 eng u
035 ## - SYSTEM CONTROL NUMBER
System control number (Sirsi) u121828
100 ## - MAIN ENTRY--PERSONAL NAME
Personal name Fischbaum, A.
245 #4 - TITLE STATEMENT
Title The debt trap
260 ## - PUBLICATION, DISTRIBUTION, ETC.
Date of publication, distribution, etc. 2003
490 ## - SERIES STATEMENT
Series statement Estates Gazette
Volume/sequential designation (0309) 1 March 2003, 188-189(1)
520 ## - SUMMARY, ETC.
Summary, etc. Examines the activity in property investments which have thrived in recent years along with the strong growth in the property market. Looks at ways to assess the risks and their effects. Argues that modelling the total investment in detail is important to understand the impact of key variables. This includes assessing the overall risk and establishing potential shortfalls and whether mandatory additional obligations can be met. With tables of Internal Rates of Return and geared versus ungeared annual returns of the IPD index.
590 ## - LOCAL NOTE (RLIN)
Local note ABS
650 ## - SUBJECT ADDED ENTRY--TOPICAL TERM
Topical term or geographic name entry element PROPERTY RETURNS
650 ## - SUBJECT ADDED ENTRY--TOPICAL TERM
Topical term or geographic name entry element PROPERTY MARKET
650 ## - SUBJECT ADDED ENTRY--TOPICAL TERM
Topical term or geographic name entry element INVESTMENT RISK
650 ## - SUBJECT ADDED ENTRY--TOPICAL TERM
Topical term or geographic name entry element INVESTMENT RETURNS
650 ## - SUBJECT ADDED ENTRY--TOPICAL TERM
Topical term or geographic name entry element PROJECT RISK
690 ## - LOCAL SUBJECT ADDED ENTRY--TOPICAL TERM (OCLC, RLIN)
Topical term or geographic name as entry element INVESTMENT
942 ## - ADDED ENTRY ELEMENTS (KOHA)
Suppress in OPAC 0
Holdings
Withdrawn status Lost status Source of classification or shelving scheme Damaged status Not for loan Home library Current library Shelving location Date acquired Total Checkouts Full call number Barcode Date last seen Copy number Price effective from Koha item type
    Dewey Decimal Classification     London London Journal article 31/03/2003   ABS66534 121828-1001 06/08/2019 1 06/08/2019 Journal article